| 000 | 00420nam a2200157Ia 4500 | ||
|---|---|---|---|
| 008 | 131103s9999 xx 000 0 und d | ||
| 040 | _aLoreto College | ||
| 041 | _aEnglish | ||
| 082 |
_a891.44/BOW _bLCLIB/13141(withdrawn 2010) |
||
| 100 | _aBowles, Cynthia | ||
| 245 |
_aBharati amar desh _cCynthia Bowles |
||
| 260 |
_aBombay _bPearl Pub _c1958 |
||
| 300 |
_a155p _c 18cm |
||
| 650 | _aAuto-Biography | ||
| 942 | _cBK | ||
| 999 |
_c17847 _d68326 |
||